Potluck Scramble #1 - Statistics

General Stats
  • This quiz has been taken 385 times
  • The average score is 8 of 18
Answer Stats
Category Answer % Correct
Capital City Ottawa
81%
Fruit Apricot
76%
Country Namibia
65%
Vegetable Spinach
61%
Classical Composer Wagner
59%
Mountain Everest
52%
Website Facebook
52%
Animal Lizard
49%
US President Reagan
43%
River Zambezi
42%
Colour Crimson
36%
Fairy Tale Character Rapunzel
35%
Lake Titicaca
34%
Element Calcium
31%
Movie Title Titanic
31%
UK City Edinburgh
24%
Musical Instrument Clarinet
21%
Author Brontë
15%
No matching quizzes found
Score Distribution
Percent of People with Each Score
Percentile by Number Answered
Your Score History
You have not taken this quiz